JACKBOYS 2 Tracklist - Statistics

General Stats
  • This quiz has been taken 134 times
  • The average score is 16 of 20
Answer Stats
# Title Artist(s) % Correct
2 CHAMPAIN & VACAY (feat. Waka Flocka Flame) Travis Scott & Don Toliver
92%
3 2000 EXCURSION Travis Scott, Sheck Wes & Don Toliver
91%
5 DUMBO Travis Scott
91%
6 MM3 SoFaygo
88%
1 JB2 RADIO JACKBOYS
87%
4 KICK OUT (feat. 21 Savage) Travis Scott
85%
18 DA WIZARD Travis Scott
83%
12 BEEP BEEP (feat. SahBabii) Travis Scott
82%
10 WHERE WAS YOU (feat. Playboi Carti, Future) Travis Scott
82%
9 ILMB Sheck Wes & Travis Scott
79%
11 NO COMMENTS Don Toliver
79%
17 FLORIDA FLOW (feat. Kodak Black) Travis Scott
78%
14 SHYNE (feat. GloRilla) Travis Scott
78%
8 CONTEST Travis Scott & SoFaygo
77%
13 PBT (feat. Vybz Kartel, Tyla) Travis Scott
77%
7 VELOUR Sheck Wes & Don Toliver
74%
15 OUTSIDE (feat. YoungBoy Never Broke Again) Travis Scott
72%
16 CANT STOP (feat. Future, Molly Santana) Don Toliver & Wallie the Sensei
68%
19 TRIP OUT (feat. Yeat) Sheck Wes
59%
20 110 SOUTH Wallie the Sensei & Luxury Tax 50
54%
No matching quizzes found
Score Distribution
Percent of People with Each Score
Percentile by Number Answered
Your Score History
You have not taken this quiz